| 000 | 00534cam a2200169 a 4500 | ||
|---|---|---|---|
| 020 | _a0080379443 (flexicover) | ||
| 020 | _a0080379451 (hardcover) | ||
| 082 | 0 | 0 |
_a551.312 _bPAT _cD |
| 100 | 1 |
_aPaterson, W. S. B. _940397 |
|
| 245 | 1 | 4 |
_aThe physics of glaciers / _cW.S.B. Paterson. |
| 250 | _a3rd ed. | ||
| 260 |
_aOxford, OX, England ; _aTarrytown, N.Y., U.S.A. : _bPergamon, _c1994. |
||
| 300 |
_aix, 480 p. : _bill., maps ; _c26 cm. |
||
| 526 |
_a0 _b0 _c0 _d551_312000000000000_PAT |
||
| 650 | 0 | 0 |
_aGlaciers. _940398 |
| 942 |
_2ddc _cBK |
||
| 999 |
_c544700 _d544700 |
||